000
00189 a2200097 4500
020
_a
9780756636746
041
_a
eng
100
_a
Dorling Kindersley
245
_a
Yoga Mind Body
942
_c
K
999
_c
27658
_d
27658